01424nam a2200241 a 4500001001000000003000900010005001700019008003500036040002400071082003000095100003900125245010100164260003400265300003100299490009500330500000600425505051900431650003000950650002900980650007701009650002201086651007401108000027640DO-SdBNP20230221101848.0110404s1976 dr ab r 001 0 spa d aBPMSU bspacBPMSU  4a972.9301 bV443m 19762221 aVeloz Maggiolo, Marcio,d1936-202110aMedioambiente y adaptación humana en la prehistoria de Santo Domingo /cMarcio Veloz Maggiolo. aSanto DomingoaTaller,c1976. av. :bil., mapas ;c22 cm.0 aPublicaciones de la Universidad Autónoma de Santo Domingo;aHistoria y sociedad,v200/24 a 0 a Los hallazgos pre-cerámicos actuales: su ubicación,15 | CAPÍTULO II. Los yacimientos guías: descripción para su entendimiento, 39-181 | CAPÍTULO III. Esquemas sinópticos para el poblamiento pre-cerámico, 201-203 | CAPÍTULO IV. Formación económico-social y modo de producción, 235-242 | CAPÍTULO V. Medioambientes antillanos. 249-257 | CAPÍTULO VI. Subtradiciones e instrumental, 265-270 | CAPÍTULO VII. Modelos de producción de la variante híbrida 289 | Conclusiones preliminares 4aArqueología xhistoria 4aArqueología indígena 4aExcavaciones arqueológicaszSanto Domingo (República Dominicana) v  4aArte precolombino 4aRepública DominicanaxHistoriayÉpoca prehistórica, hasta 1492